000 01200cam a22003377a 4500
999 _c23525
_d23525
001 14275182
003 NUST
005 20170613094106.0
008 060223s2006 enka b 001 0 eng d
010 _a 2006922837
015 _aGBA625384
_2bnb
016 7 _a013409014
_2Uk
020 _a0750668172 (hbk.)
024 3 _a9780750668170
035 _a(OCoLC)ocm64313626
040 _aUKM
_cRCMS
_dBAKER
_dDLC
042 _aukblsr
_alccopycat
050 0 0 _aTL671.4
_b.F45 2006
082 0 4 _a629.132 FIL
_222
100 1 _aFilippone, Antonio,
_d1965-
_92465
245 1 0 _aFlight performance of fixed and rotary wing aircraft /
_cAntonio Filippone.
250 _aIst ed.
260 _aAmsterdam ;
_aBoston :
_bButterworth-Heinemann,
_cc.2006.
300 _axxvii, 565 p. :
_bill. ;
_c26 cm.
440 0 _aElsevier aerospace engineering series
_92466
504 _aIncludes bibliographical references and index.
538 _iShelf No 1 Row 4
650 0 _aAirplanes
_xPerformance.
_92215
650 0 _aAerospace engineering.
_92467
650 0 _aFlight engineering.
_92468
856 _3Table of Content Only
906 _a7
_bcbc
_ccopycat
_d2
_eepcn
_f20
_gy-gencatlg
942 _2ddc
_cBK